Nightbird / (Record no. 3433)
[ view plain ]
| 000 -LEADER | |
|---|---|
| fixed length control field | 00868nam a22002417a 4500 |
| 001 - CONTROL NUMBER | |
| control field | 3433 |
| 003 - CONTROL NUMBER IDENTIFIER | |
| control field | FISKH |
| 005 - DATE AND TIME OF LATEST TRANSACTION | |
| control field | 20240305113555.0 |
| 008 - FIXED-LENGTH DATA ELEMENTS--GENERAL INFORMATION | |
| fixed length control field | 240305b cb ||||| |||| 00| 0 eng d |
| 040 ## - CATALOGING SOURCE | |
| Original cataloging agency | FISK |
| Language of cataloging | eng |
| Transcribing agency | FISK |
| Modifying agency | FISK |
| 050 ## - LIBRARY OF CONGRESS CALL NUMBER | |
| Classification number | PZ7.H67445 |
| 082 ## - DEWEY DECIMAL CLASSIFICATION NUMBER | |
| Classification number | 813.6 |
| 100 ## - MAIN ENTRY--PERSONAL NAME | |
| Personal name | Hoffman Alice |
| Dates associated with a name | 1952- |
| 245 ## - TITLE STATEMENT | |
| Title | Nightbird / |
| Statement of responsibility, etc. | Alice Hoffman |
| 260 ## - PUBLICATION, DISTRIBUTION, ETC. | |
| Place of publication, distribution, etc. | New York : |
| Name of publisher, distributor, etc. | Scholastic, |
| Date of publication, distribution, etc. | 2016 |
| 300 ## - PHYSICAL DESCRIPTION | |
| Extent | 199 pages : |
| Dimensions | 20 cm |
| 505 ## - FORMATTED CONTENTS NOTE | |
| Formatted contents note | O |
| 520 ## - SUMMARY, ETC. | |
| Summary, etc. | Twig, aged twelve, is practically ignored by classmates and other residents of Sidwell, Massachusetts, but gets along fine with just her mother and brother, whose presence must be kept secret, until descendants of the witch who cursed her family move in next door and want to be her friends. |
| 521 8# - TARGET AUDIENCE NOTE | |
| Target audience note | 840 |
| Source | Lexiles |
| 700 ## - ADDED ENTRY--PERSONAL NAME | |
| Personal name | Alice Hoffman |
| 942 ## - ADDED ENTRY ELEMENTS (KOHA) | |
| Source of classification or shelving scheme | Dewey Decimal Classification |
| Koha item type | Books |
| Suppress in OPAC | No |
| Withdrawn status | Lost status | Source of classification or shelving scheme | Damaged status | Not for loan | Collection | Home library | Current library | Shelving location | Date acquired | Total Checkouts | Full call number | Barcode | Date due | Date last seen | Date last checked out | Copy number | Price effective from | Koha item type |
|---|---|---|---|---|---|---|---|---|---|---|---|---|---|---|---|---|---|---|
| Dewey Decimal Classification | Fiction | Footprints International School Library Network Toul Tom Poung Campus | Footprints International School Library Network Toul Kork Campus | TTP Secondary Fiction Bookshelves | 03/05/2024 | 3 | HOF PZ7.H67445 813.6 | 2024-0210 | 04/14/2026 | 03/31/2026 | 03/31/2026 | 1 | 03/05/2024 | Books |
